00917nam a2200277 i 4500003000900000005001700009007000300026008004100029040003000070041000800100082001900108110002200127245002200149264004100171300004200212336002700254337003300281338002800314590002700342650006400369650003000433910001400463942001400477952013100491999001700622DO-SdBNP20250728075629.0ta250728s1985 dr a r 000 0 spa d aDO-SdBNPbspacBNPHUerda aspa axxxxbC3572221 aEl Catador98844110aManual de vinos / 1aSanto Domingo :bIntergrafic,c1985. a83 páginas ;bilustracionesc24 cm. atextobtxt2rdacontent asin mediaciónbn2rdamedia avolumenbnc2rdacarrier aInventariado, 2025/ YL 4aDerecho internacional privadozRepública Dominicana98603 0aConflicto de Leyes940212 aYLockward 2ddccLBS1 00102ddc51708PDaBNPHUbBNPHUcCTd2019-10-31eDonación l0oBNPHU PD xxxx C357p2025-7414r2025-07-28w2025-07-28yLBS1 c59642d59642